Φορτώνει......
Sacred and profane /
| Κύριος συγγραφέας: | |
|---|---|
| Γλώσσα: | Undetermined |
| Έκδοση: |
1968
|
| LEADER | 00361nam a2200121Ia 4500 | ||
|---|---|---|---|
| 001 | 44828 | ||
| 008 | 170722s9999 xx 000 0 und d | ||
| 100 | |a Weiss, David | ||
| 245 | |a Sacred and profane / | ||
| 260 | |c 1968 | ||
| 942 | |c GEN | ||
| 999 | |c 5170 |d 5170 | ||
| 952 | |0 0 |1 0 |4 0 |6 O_1113N092S_K8 |7 0 |8 LC1 |9 5758 |a LIB |b LIB |d 2017-08-12 |o O111,3N092,S K8 |p 132211 |r 2017-08-12 |w 2017-08-12 |y GEN | ||